<?xml version="1.0" encoding="UTF-8"?><?xml-stylesheet type="text/xsl" href="static/style.xsl"?><OAI-PMH xmlns="http://www.openarchives.org/OAI/2.0/" xmlns:xsi="http://www.w3.org/2001/XMLSchema-instance" xsi:schemaLocation="http://www.openarchives.org/OAI/2.0/ http://www.openarchives.org/OAI/2.0/OAI-PMH.xsd"><responseDate>2026-06-29T02:43:53Z</responseDate><request verb="GetRecord" identifier="oai:docta.ucm.es:20.500.14352/115038" metadataPrefix="marc">https://docta.ucm.es/rest/oai/request</request><GetRecord><record><header><identifier>oai:docta.ucm.es:20.500.14352/115038</identifier><datestamp>2025-02-12T12:00:05Z</datestamp><setSpec>com_20.500.14352_14</setSpec><setSpec>col_20.500.14352_15</setSpec></header><metadata><record xmlns="http://www.loc.gov/MARC21/slim" xmlns:dcterms="http://purl.org/dc/terms/" xmlns:xsi="http://www.w3.org/2001/XMLSchema-instance" xmlns:doc="http://www.lyncode.com/xoai" xsi:schemaLocation="http://www.loc.gov/MARC21/slim http://www.loc.gov/standards/marcxml/schema/MARC21slim.xsd">
   <leader>00925njm 22002777a 4500</leader>
   <datafield ind2=" " ind1=" " tag="042">
      <subfield code="a">dc</subfield>
   </datafield>
   <datafield ind2=" " ind1=" " tag="720">
      <subfield code="a">Sublette M. Elizabeth </subfield>
      <subfield code="e">author</subfield>
   </datafield>
   <datafield ind2=" " ind1=" " tag="720">
      <subfield code="a">Carballo, Juan J. </subfield>
      <subfield code="e">author</subfield>
   </datafield>
   <datafield ind2=" " ind1=" " tag="720">
      <subfield code="a">Moreno Ruiz, María del Carmen</subfield>
      <subfield code="e">author</subfield>
   </datafield>
   <datafield ind2=" " ind1=" " tag="720">
      <subfield code="a">Galfalvy, Hanga C. </subfield>
      <subfield code="e">author</subfield>
   </datafield>
   <datafield ind2=" " ind1=" " tag="720">
      <subfield code="a">Brent, David A. </subfield>
      <subfield code="e">author</subfield>
   </datafield>
   <datafield ind2=" " ind1=" " tag="720">
      <subfield code="a">Birmaher, Boris </subfield>
      <subfield code="e">author</subfield>
   </datafield>
   <datafield ind2=" " ind1=" " tag="720">
      <subfield code="a">Mann, J. John</subfield>
      <subfield code="e">author</subfield>
   </datafield>
   <datafield ind2=" " ind1=" " tag="720">
      <subfield code="a">Oquendo, María A. </subfield>
      <subfield code="e">author</subfield>
   </datafield>
   <datafield ind2=" " ind1=" " tag="260">
      <subfield code="c">2008-06-30</subfield>
   </datafield>
   <datafield ind2=" " ind1=" " tag="520">
      <subfield code="a">Bipolar disorder (BD) is associated with high rates of suicide attempt and completion. Substance use disorders (SUD) have been identified as potent risk factors for suicidal behavior in BD. However, little is known concerning differences between BD subtypes with regard to SUD as a risk factor for suicidal behavior. We studied previous suicidal behavior in adults with a major depressive episode in context of BD type I (BD-I; N=96) or BD type II (BD-II; N=42), with and without history of SUD. Logistic regressions assessed the association between SUD and suicide attempt history by BD type, and exploratory analyses examined the effects of other clinical characteristics on these relationships. SUD were associated with suicide attempt in BD-I but not BD-II, an effect not attributable to sample size differences. The higher suicide attempt rate associated with alcoholism in BD-I was mostly explained by higher aggression scores, and earlier age of BD onset increased the likelihood that alcohol use disorder would be associated with suicide attempt(s). The higher suicide attempt rate associated with other drug use disorders in BD-I was collectively explained by higher impulsivity, hostility, and aggression scores. The presence of both alcohol and drug use disorders increased odds of a history of suicide attempt in a multiplicative fashion: 97% of BD-I who had both co-morbid drug and alcohol use disorders had made a suicide attempt. A critical next question is how to target SUD and aggressive traits for prevention of suicidal behavior in BD-I.</subfield>
   </datafield>
   <datafield ind1="8" ind2=" " tag="024">
      <subfield code="a">Elizabeth Sublette M, Carballo JJ, Moreno C, Galfalvy HC, Brent DA, Birmaher B, John Mann J, Oquendo MA. Substance use disorders and suicide attempts in bipolar subtypes. J Psychiatr Res. 2009 Jan;43(3):230-8. doi: 10.1016/j.jpsychires.2008.05.001. Epub 2008 Jun 30</subfield>
   </datafield>
   <datafield ind1="8" ind2=" " tag="024">
      <subfield code="a">0022-3956</subfield>
   </datafield>
   <datafield ind1="8" ind2=" " tag="024">
      <subfield code="a">10.1016/j.jpsychires.2008.05.001</subfield>
   </datafield>
   <datafield ind1="8" ind2=" " tag="024">
      <subfield code="a">https://hdl.handle.net/20.500.14352/115038</subfield>
   </datafield>
   <datafield ind1="8" ind2=" " tag="024">
      <subfield code="a">1879-1379.</subfield>
   </datafield>
   <datafield ind1="8" ind2=" " tag="024">
      <subfield code="a">https://doi.org/10.1016/j.jpsychires.2008.05.001</subfield>
   </datafield>
   <datafield ind1="8" ind2=" " tag="024">
      <subfield code="a">https://www.sciencedirect.com/science/article/abs/pii/S0022395608001143?via%3Dihub</subfield>
   </datafield>
   <datafield ind1="8" ind2=" " tag="024">
      <subfield code="a">https://pmc.ncbi.nlm.nih.gov/articles/PMC2671238/</subfield>
   </datafield>
   <datafield ind2="0" ind1="0" tag="245">
      <subfield code="a">Substance use disorders and suicide attempts in bipolar subtypes</subfield>
   </datafield>
</record></metadata></record></GetRecord></OAI-PMH>